|
|
|
|
| LEADER |
00000nab a2200000 a 4500 |
| 001 |
vtls000065568 |
| 003 |
SK-MaSNL |
| 005 |
20260304070239.0 |
| 008 |
250423c1980 xo 0 slo |
| 015 |
|
|
|a SNBRB19rr/mm-uuuuu
|
| 035 |
|
|
|a CL0075668
|
| 035 |
|
|
|a urn:nbn:sk:snk-abeixd
|
| 035 |
|
|
|a (urnnbn)urn:nbn:sk:snk:ar-008mcv
|
| 035 |
|
|
|a (uuid)01300b86-0610-415e-ae49-200633eb9eb5
|
| 040 |
|
|
|a SNKBUCL
|b slo
|c SNKBUCL
|e AACR2
|
| 041 |
0 |
|
|a slo
|
| 044 |
|
|
|a xo
|c SK
|
| 080 |
|
|
|a 82.09:860 (728.1)-3(048)
|2 1981
|
| 080 |
|
|
|a 860 (728.1)-3(048)
|2 1981
|
| 100 |
1 |
|
|a Dubcová, Viera,
|d 1938-
|4 aut
|9 119486
|
| 245 |
1 |
0 |
|a Miguel Ángel Asturias: Oči pochovaných
|c Viera Dubcová
|
| 650 |
0 |
7 |
|a guatemalská literatúra
|2 snkbucl
|9 1464
|
| 655 |
|
7 |
|a recenzie
|2 snkbucl
|9 21907
|
| 655 |
|
7 |
|a články z novín a časopisov
|2 snkbucl
|9 267496
|
| 655 |
|
7 |
|a články z odboru literárna veda a krásna literatúra
|2 snkbucl
|9 770045
|
| 773 |
0 |
|
|t Slovenské pohľady
|g Roč. 96, č. 8 (1980), s. 133-135
|
| 787 |
0 |
8 |
|i Rec.:
|a Asturias, Miguel Ángel
|t Oči pochovaných
|d Bratislava : Pravda, 1979
|
| 850 |
|
|
|a Slovenská národná knižnica
|
| 852 |
|
|
|a Slovenská národná knižnica
|
| 954 |
|
|
|a odborná, vedecká literatúra pôvodná (slovenská)
|2 lita
|
| 958 |
|
|
|a article27
|
| 958 |
|
|
|a RK
|
| 958 |
|
|
|a LX
|
| 958 |
|
|
|a OND
|
| 958 |
|
|
|a EUIPO
|
| 992 |
|
|
|a RBX
|
| 999 |
|
|
|c 2754804
|d 2756734
|